Statystyki dla Zgadnij państwo po zdjęciu

Kliknij tutaj aby rozwiązać quiz!

Ogólne statystyki

  • Ten quiz został rozwiązany 73 razy
  • Średni wynik to 6 z 12

Statystyki odpowiedzi

Odpowiedź% Poprawnych
polska
92%
brazylia
82%
Usa
81%
meksyk
61%
kanada
60%
watykan
53%
egipt
42%
katar
39%
tanzania
31%
kuba
27%
boliwia
18%
Sri lanka
13%

Rozkład punktacji

Percentyl według liczby udzielonych odpowiedzi

Procent ludzi z każdym wynikiem

Twoja historia wyników

Nie rozwiązałeś tego quizu